| 000 | 00871nam a2200253 i 4500 | ||
|---|---|---|---|
| 001 | 77781 | ||
| 003 | ES-MaACL | ||
| 005 | 20231204175103.0 | ||
| 007 | t| | ||
| 008 | 041108s1995 sp ||||1| spa d | ||
| 020 | _a84-89455-03-1 | ||
| 080 | _a75 Sorolla, Joaquín (064.3) | ||
| 100 | 1 |
_aSorolla, Joaquín, _d1863-1923 _9107418 |
|
| 245 | 1 | 0 |
_aJoaquín Sorolla (1863-1923) : _bMadrid, 23 noviembre, 1995-28 enero, 1996. |
| 260 |
_aMadrid : _bFundación Cultural Mapfre Vida, _c[1995] |
||
| 300 |
_a208 p. : _bil. ; _c30 cm. |
||
| 504 | _aFuentes documentales y bibliográficas: p. 199-203. | ||
| 600 | 1 | 4 |
_aSorolla, Joaquín, _d1863-1923- _vExposiciones _9107419 |
| 655 | 7 |
_2tgfbne _9193628 _aCatálogos de exposiciones |
|
| 710 | 2 |
_aFundación Cultural Mapfre Vida. _9173980 |
|
| 852 | 4 |
_aES-MaACL _jL-28395 |
|
| 942 | _2udc | ||
| 999 |
_c77781 _d77781 |
||